| 000 | 00373nam a2200145Ia 4500 | ||
|---|---|---|---|
| 005 | 20240807062149.0 | ||
| 008 | 240806s9999||||xx |||||||||||||| ||eng|| | ||
| 041 | _aeng | ||
| 100 | _aOguibonine Boris | ||
| 245 | 0 |
_aEossays on vedic & indo-european culture / _cOguibonine Boris |
|
| 260 | _bMotilal Pub. New Del. | ||
| 300 | _a257 | ||
| 650 | _aAnc. History | ||
| 942 | _cBK | ||
| 999 |
_c10409 _d10409 |
||